000 00722nam a2200289Ia 4500
005 20260324140335.0
008 008 260324s9999 xx 000 0 eng d
020 _a9781315292854
037 _aEBOOK
040 _aCRL
040 _beng
040 _cCRL
041 _2eng
041 _aeng
084 _qCRL
100 _aNorman C. Thomas; Steven A. Shull
_91204024
245 0 _aPresidential Policymaking: An End-of-century Assessment
245 3 _bAn End-of-century Assessment
260 _bTaylor and Francis
260 _c1999
365 _a
365 _b145
856 _uhttp://www.taylorfrancis.com/books/9781315292854
942 _cEBOOK
999 _c1806007
_d1806007